| 000 | 00529nam a2200205Ia 4500 | ||
|---|---|---|---|
| 005 | 20250129044448.0 | ||
| 008 | 240331s9999 xx 000 0 und d | ||
| 020 | _a0415926114 | ||
| 082 |
_bBRE _24257 _a304.8 |
||
| 245 | 0 |
_aMigration Theory: _bTalking Across Disciplines |
|
| 260 |
_aNew York _aLondon _bRoutledge _c2000 |
||
| 300 | _aviii, 239 p., | ||
| 650 | _aMigration | ||
| 650 | _aHistory | ||
| 650 | _aSociology | ||
| 650 | _aPolitics | ||
| 700 |
_aBrettel, C. B _eedt |
||
| 700 |
_aHollifield, J. F _eedt |
||
| 942 | _cL | ||
| 999 |
_c1438 _d1438 |
||